00391nam a2200133Ia 4500008004100000041000800041082002000049100007200069245003900141260003200180300000800212502002000220999001700240230128s9999 xx 000 0 und d aeng aCHI PR0459bCHI aChitodkar Shweta - 2K101020 & Prof. Sonali Parchure - Guide9118960 aReceivables & Inventory Management c2012bPune UniversityaPune a52p cParchure Sonali c97258d97258